Statistics for Literatura

Click here to take the quiz!

General Stats

  • This quiz has been taken 108 times
  • The average score is 8 of 26

Answer Stats

HintAnswer% Correct
umělecká forma spojující divadelní představení s hudbou. Herci z části zpívají za instrumentálního doprovoduopera
66%
literární druh, který se tvoří tak, že se příběh vypráví pomocí dialogů a monologůdrama
65%
literární forma, jedná se o básnictví a od běžné mluvy se odlišuje používáním uměleckých prostředků (rým, rytmus...)poezie
56%
dramatický žánr, jenž spojuje literaturu, hudbu a tanecmuzikál
51%
epický literární útvar, který je psán prózou, nebo ve verších. Jedná se o představy vzniku světa, vyskytují se zde bohovébáje
50%
epický žánr, jedná se o velmi rozsáhlé dílo a vyskytuje se tu mnoho postav, dějišť, dějových linií, hlavní postava se zde vyvíjíromán
49%
divadelní způsob vyjádření pomocí mimiky a gestikulace s prvky tance, to vše bez použití hlasupantomima
44%
forma scénického tance, která využívá choreografiibalet
40%
literární druh, který nemá děj, je to druh poezie vyslovující básníkovy pocity, jeho úvahy, myšlenky a náladylyrika
39%
oslavná lyrická báseň, která oslavuje hrdinu, předmět, osobu, vlast, moudrost, lásku atd.óda
38%
literární forma, jedná se o každý psaný text nepsaný ve veršíchpróza
37%
lyricko-epický veršovaný útvar mnohdy s ponurým, strašidelným dějem a většinou nešťastným, někdy až tragickým koncembalada
35%
rozsáhlá epická báseň, děj je pomalý a je tvořen epizodami,zpravidla vypráví o hrdinských činech, nebo se týká událostí významných pro určitý národepos
34%
používají se zde loutkyloutkové divadlo
33%
hudebně dramatický divadelní útvar zábavního rázu, v němž se střídá mluvené slovo se zpěvemopereta
33%
prozaicko-epický lietrární žánr, který zachycuje pouze jeden aspekt života, ne život jako celek, má jednoduchý děj a charakter hlavní postavy se neměnípovídka
28%
epický literární žánr, jedná se o vyprávění založené na básnické fantazii, zejména ze světa nadpřirozených jevů, souboj a vítězství dobra nad zlempohádka
27%
epický literární žánr, pojednávající o životě, smrti, umučení a zázracích určitého světce či mučedníkalegenda
26%
literární druh, který zahrnuje všechna vyprávění založená na příběhu.epika
24%
dramatický literární žánr, na jevišti se jedná a mluví, obvykle v próze, nerozlišuje se na tragédii ani komedii, ale stojí někde mezi nimi, vystupují jednotlivé a výrazně profilované osoby či charaktery různého původu a postaveníčinohra
18%
epický literární žánr, jde o krátké, fantasticky zabarvené vyprávění s reálnou motivací, které se odehrává v historickém čase a o jehož pravdivosti jsou vypravěč i posluchači přesvědčenipověst
13%
lyricko-epická báseň, většinou o lásce (nejenom mezi lidmi, ale i k vlasti, národu, atd.)romance
10%
prozaický literární žánr, který je nevelký rozsahem, naplněného dramatickým dějem směřující k výrazné pointě, hlavní myšlenkou bývá rozpor mezi tajemnými jevy a jejich vědeckým vysvětlenímromaneto
7%
druh divadelní produkce, který využívá princip černého kabinetu: na zatemněném jevišti nejsou černě odění herci proti černému pozadí vidětčerné divadlo
4%
skladba charakteristicky zádumčivého až smutného rázu, může být básnická nebo hudební, původně označovala politické básnictví.elegie
2%
žánr francouzské romantické opery, má dojemný, mnohdy sentimentální obsah, patetický styl, hlavními hrdiny jsou černobílé postavy a ustáleným tématem je vítězství dobra nad zlemmelodrama
1%

Score Distribution

Percentile by Number Answered

Percent of People with Each Score

Your Score History

You have not taken this quiz